Normal view
MARC view
- Richard P. Halpern
Entry Personal Name
001 - CONTROL NUMBER
- control field: 126441
003 - CONTROL NUMBER IDENTIFIER
- control field: NUST
005 - DATE AND TIME OF LATEST TRANSACTION
- control field: 20241023155326.0
008 - FIXED-LENGTH DATA ELEMENTS
- fixed length control field: 241023|| aca||aabn | a|a d
040 ## - CATALOGING SOURCE
- Original cataloging agency: NUST
- Transcribing agency: NUST
100 ## - HEADING--PERSONAL NAME
- Personal name: Richard P. Halpern
670 ## - SOURCE DATA FOUND
- Source citation: Work cat.: (NUST): Richard P. Halpern, For yourself Learning C Using Experiments , 1997.
